| 000 | 00722nam a2200217Ii 4500 | ||
|---|---|---|---|
| 003 | JO-AjNU | ||
| 008 | 230605s9999||||xx |||||||||||||| ||und|| | ||
| 017 | _a2008/4/1125 | ||
| 040 |
_aJO-AjNU _bara _erda _cJO-AjNU |
||
| 041 | _aara | ||
| 050 | 1 | 4 | _aLB1027.5.A2822 2011 |
| 100 | 3 |
_aأبو أسعد،أحمد عبد اللطيف, _eauthor _931498 |
|
| 245 | 0 | 0 | _aالمهارات الإرشادية=Counseling Skills |
| 250 | _aط2 | ||
| 264 | 3 | 1 | _aعمان:دار المسيرة للنشر والتوزيع والطباعة،2011 |
| 300 | _a294ص | ||
| 336 |
_atext _btxt _2rdacontent |
||
| 337 |
_aunmediated _bn _2rdamedia |
||
| 338 |
_avolume _bnc _2rdacarrier |
||
| 650 | 4 |
_aالتوجيه التربوي _931499 |
|
| 999 |
_aA12605 _c16173 _d16173 |
||